000
00231nam a22001097a 4500
082
_a
IRV
100
_a
Irvine, John
245
_a
Financial Accounting
260
_a
New York:
_b
Mcgraw-Hill,
_c
2002.
300
_a
330p. ;
942
_c
BK
999
_c
57281
_d
57278